Communes au nom commun - Mort Subite (Spéciale Mots Anglais #1) - Statistiques

Statistiques générales
  • Ce quiz a été pris 19 fois
  • Le résultat moyen est 8 sur 20
Answers on the Grid
Answers color-coded by a green-red scale on the quiz's grid according to % correct below.
Baby
Corn
Bully
Fry
Nice
Sassy
Organ
Job
Island
Four
Target
This
Ally
Brain
Contest
Cutting
Mercy
Sand
Hunting
Denting
Clown
Evening
Children
Washing
Toast
Exit
South
Fresh
Rabbit
Gateway
 
Statistiques - réponses
Réponse % Correct
Alpes-Maritimes (06) Nice
89%
Loire (42) / Rhône (69) / Seine-Maritime (76) Bully
63%
Calvados (14) Sassy
63%
Côte-d'Or (21) Brain
58%
Allier (03) / Yonne (89) Mercy
58%
Hautes-Pyrénées (65) Organ
58%
Isère (38) Four
53%
Cantal (15) / Haute-Loire (43) Ally
47%
Bas-Rhin (67) Sand
47%
Seine-Maritime (76) Fry
42%
Seine-et-Marne (77) Baby
32%
Mayenne (53) Contest
32%
Lot (46) Corn
32%
Puy-de-Dôme (63) Job
32%
Ardennes (08) This
26%
Yonne (89) Island
21%
Allier (03) Target
21%
Moselle (57) Denting
16%
Moselle (57) Hunting
16%
Moselle (57) Cutting
5%
Aucun quiz correspondant
Distribution des résultats
% des personnes avec chaque résultat
Percentile par nombre de réponses
Votre historique - résultats
Vous n’avez pas pris ce quiz